Calle Valparaíso: siete cuadras de historia. Desde Cerro Castillo a Plaza Vergara
Gardado en:
| Autor Principal: | |
|---|---|
| Formato: | Libro |
| Idioma: | Lingua castelá |
| Publicado: |
Valparaíso
Ediciones Universitarias de Valparaíso
2012
|
| Subjects: | |
| Tags: |
Engadir etiqueta
Sen Etiquetas, Sexa o primeiro en etiquetar este rexistro!
|
MARC
| LEADER | 00000cam a2200000 a 4500 | ||
|---|---|---|---|
| 001 | UCF5897 | ||
| 003 | CL-VaPUC | ||
| 008 | 130328e20120000CL |||||||||||||||||spa|d | ||
| 020 | |a 9789561705333 | ||
| 082 | 0 | 4 | |a 983.83255 |b SAL |2 21 |
| 100 | 0 | |a Salomó Flores, Jorge |e author |9 567890 | |
| 245 | 1 | 0 | |a Calle Valparaíso: siete cuadras de historia. Desde Cerro Castillo a Plaza Vergara |
| 300 | |a 251 p | ||
| 942 | |c BK | ||
| 945 | |d 20130328 00:00:00 |a dcastane | ||
| 260 | |a Valparaíso |b Ediciones Universitarias de Valparaíso |c 2012 | ||
| 500 | |a Contiene capítulo dedicado al tradicional Café Samoiedo | ||
| 500 | |a Incluye DVD | ||
| 650 | 0 | |a Historia de Viña del Mar |9 523239 | |
| 650 | 0 | |a Vida social y costumbres |9 258725 | |
| 650 | 0 | |a Turismo |9 308920 | |
| 650 | 0 | |a Negocios |9 262468 | |
| 650 | 0 | |a Sociedad chilena |9 412967 | |
| 650 | 7 | |a CALLES |2 CL-VaPUC |9 364295 | |
| 583 | |a last modification |c 20130328 10:53:00 |k Rodrigo Vera | ||
| 999 | |c 351290 |d 351288 | ||
| 952 | |0 0 |1 0 |4 0 |6 983_832550000000000_SAL_2012 |7 0 |8 A |9 455310 |a BIBARQ |b BIBARQ |d 2019-11-22 |i 4958225 |l 5 |o 983.83255 SAL 2012 |p 4958225 |r 2024-10-28 |s 2024-10-24 |w 2019-11-22 |y BK |k ARQ | ||
| 952 | |0 0 |1 0 |4 0 |6 983_832550000000000_SAL_2012 |7 0 |8 A |9 455311 |a BIBHIS |b BIBHIS |d 2019-11-22 |i 4958292 |l 3 |m 1 |o 983.83255 SAL 2012 |p 4958292 |q 2025-05-09 |r 2025-01-28 |s 2025-01-28 |w 2019-11-22 |y BK |k HIS | ||
| 952 | |0 0 |1 0 |4 0 |6 983_832550000000000_SAL_2012 |7 0 |8 X |9 455312 |a FDOBUD |b FDOBUD |d 2019-11-22 |i 4965744 |o 983.83255 SAL 2012 |p 4965744 |r 2019-11-22 |w 2019-11-22 |y BK_X |k BUD | ||